[Event "Landsturneringen 2009, Miniputt"]
[Site "Bergen"]
[Date "2009.07.06"]
[Round "3"]
[White "Lien, Kjell Håkon"]
[Black "Imsrud, Benjamin"]
[Result "1-0"]
[WhiteElo "1072"]
[BlackElo "967"]
[PlyCount "115"]
[EventDate "2009.07.??"]
[EventType "swiss"]
[EventRounds "9"]
[EventCountry "NOR"]
[SourceDate "2009.07.06"]

1. e4 c5 2. Nf3 d6 3. d4 cxd4 4. Nxd4 Nf6 5. Nc3 g6 6. Be3 Bg7 7. f3 O-O 8. Qd2
Nc6 9. Bc4 Bd7 10. O-O-O Rc8 11. Bb3 Ne5 12. Kb1 Nc4 13. Bxc4 Rxc4 14. h4 h5
15. Rhe1 a6 16. Bh6 b5 17. Bxg7 Kxg7 18. Nb3 Qc7 19. a3 Rc8 20. Nd4 e5 21. Nb3
a5 22. Na1 b4 23. axb4 axb4 24. Na2 Qc5 25. Qxd6 Be6 26. Qxc5 R8xc5 27. b3 Rd4
28. Rxd4 exd4 29. Nxb4 Rc8 30. Rd1 Rd8 31. Nc6 Rd6 32. Nxd4 Rd7 33. Nxe6+ fxe6
34. Rxd7+ Nxd7 35. c4 Nc5 36. b4 Nd3 37. b5 Nc5 38. Kc2 Kf6 39. Nb3 Nb7 40. Kd3
Ke5 41. Ke3 Nd6 42. f4+ Kf6 43. e5+ Ke7 44. exd6+ Kxd6 45. c5+ Kd7 46. b6 Kc6
47. Na5+ Kd7 48. c6+ Kc8 49. b7+ Kb8 50. Nc4 Kc7 51. Ne5 Kb8 52. Nd7+ Kc7 53.
b8=Q+ Kxc6 54. Ne5+ Kc5 55. Qb7 g5 56. Kd3 gxf4 57. Kc3 f3 58. Qc6# 1-0

[Event "Landsturneringen 2009, Miniputt"]
[Site "Bergen"]
[Date "2009.07.06"]
[Round "3"]
[White "Mihajlov, Sebastian"]
[Black "Grønn, Eskil Ekeland"]
[Result "1-0"]
[WhiteElo "1048"]
[BlackElo "768"]
[PlyCount "93"]
[EventDate "2009.07.??"]
[EventType "swiss"]
[EventRounds "9"]
[EventCountry "NOR"]
[SourceDate "2009.07.06"]

1. d4 e6 2. c4 f5 3. Nc3 Nf6 4. Nf3 Bb4 5. Bd2 b6 6. a3 Bd6 7. e3 Bb7 8. Bd3
O-O 9. O-O Qe8 10. Re1 Qh5 11. Ne5 Qh4 12. f3 Bxe5 13. dxe5 Nh5 14. e4 fxe4 15.
Bxe4 Nc6 16. Qe2 Nd4 17. Qf2 Qxf2+ 18. Kxf2 Bxe4 19. Rxe4 Nb3 20. Rd1 Nf4 21.
Rxf4 Nc5 22. Rxf8+ Rxf8 23. Be3 Rd8 24. b4 Nb7 25. Bg5 Rf8 26. Rxd7 Rf5 27.
Rxc7 Rxg5 28. Rxb7 Rxe5 29. Rxa7 Rf5 30. Ra8+ Kf7 31. Ne4 Kg6 32. Rb8 b5 33. c5
Rf7 34. Rxb5 Ra7 35. c6 Rxa3 36. c7 Ra2+ 37. Kg3 Rc2 38. Rc5 h5 39. c8=Q h4+
40. Kxh4 Rxc5 41. Qxe6+ Kh7 42. bxc5 g5+ 43. Kh5 g4 44. Qf7+ Kh8 45. Qg6 g3 46.
Nd6 gxh2 47. Nf7# 1-0

[Event "Landsturneringen 2009, Miniputt"]
[Site "Bergen"]
[Date "2009.07.08"]
[Round "5"]
[White "Berge, Sander Lange"]
[Black "Mihajlov, Sebastian"]
[Result "1/2-1/2"]
[WhiteElo "1063"]
[BlackElo "1048"]
[PlyCount "73"]
[EventDate "2009.07.??"]
[EventType "swiss"]
[EventRounds "9"]
[EventCountry "NOR"]
[SourceDate "2009.07.06"]

1. e4 e5 2. Nf3 Nc6 3. Bc4 Bc5 4. d3 Nf6 5. Bg5 O-O 6. Nc3 h6 7. Bh4 a6 8. Nd5
Be7 9. Nxe7+ Qxe7 10. a3 d6 11. h3 Be6 12. Bd5 Kh8 13. Nh2 Rg8 14. Ng4 g5 15.
Bxe6 fxe6 16. Nxf6 Qxf6 17. Bg3 Raf8 18. Qe2 Nd4 19. Qd2 Kh7 20. O-O-O c5 21.
f3 Qd8 22. Bf2 b5 23. Bxd4 cxd4 24. Rdf1 Rf7 25. Rf2 a5 26. g4 Qa8 27. h4 Rfg7
28. Rfh2 Kg6 29. hxg5 hxg5 30. Rh6+ Kf7 31. Rh7 Qd8 32. R1h6 Rxh7 33. Rxh7+ Rg7
34. Qh2 Rxh7 35. Qxh7+ Kf6 36. Qh6+ Kf7 37. Qh5+ 1/2-1/2

[Event "Landsturneringen 2009, Miniputt"]
[Site "Bergen"]
[Date "2009.07.08"]
[Round "5"]
[White "Haldorsen, Benjamin"]
[Black "Lien, Kjell Håkon"]
[Result "1/2-1/2"]
[WhiteElo "1136"]
[BlackElo "1072"]
[PlyCount "73"]
[EventDate "2009.07.??"]
[EventType "swiss"]
[EventRounds "9"]
[EventCountry "NOR"]
[SourceDate "2009.07.06"]

1. f4 d5 2. e3 g6 3. Nf3 Bg7 4. Be2 Nf6 5. d3 c5 6. O-O O-O 7. Qe1 e6 8. Ne5
Nbd7 9. Nd2 Qc7 10. Ndf3 Nxe5 11. Nxe5 Nd7 12. Nxd7 Bxd7 13. e4 dxe4 14. dxe4
Bc6 15. Bd3 b5 16. c3 Rad8 17. Bc2 Rfe8 18. Qh4 Qb7 19. Re1 c4 20. Qf2 Rd7 21.
Kh1 Rde7 22. Be3 a6 23. Rad1 Rd7 24. Rxd7 Qxd7 25. Bd4 Rd8 26. Bxg7 Kxg7 27.
Re2 Qe7 28. f5 Re8 29. fxg6 fxg6 30. h3 Rf8 31. Qg3 Qf7 32. Qe1 Qf1+ 33. Qxf1
Rxf1+ 34. Kh2 Ra1 35. a3 Ra2 36. Bb1 Ra1 37. Bc2 1/2-1/2

[Event "Landsturneringen 2009, Miniputt"]
[Site "Bergen"]
[Date "2009.07.08"]
[Round "5"]
[White "Kyrkjebø, Hanna B"]
[Black "Christiansen, Johan-Sebastian"]
[Result "0-1"]
[WhiteElo "737"]
[BlackElo "694"]
[PlyCount "132"]
[EventDate "2009.07.??"]
[EventType "swiss"]
[EventRounds "9"]
[EventCountry "NOR"]
[SourceDate "2009.07.06"]

1. e4 c5 2. Nc3 Nc6 3. f4 d6 4. Nf3 e5 5. fxe5 dxe5 6. Bb5 Bd7 7. Bxc6 Bxc6 8.
d3 Bd6 9. Be3 Nf6 10. O-O O-O 11. Qe2 b5 12. a4 a6 13. a5 Ng4 14. Bd2 Bc7 15.
Nd1 b4 16. c4 Bxa5 17. Ne3 Nxe3 18. Bxe3 Bb6 19. Nxe5 Bb7 20. Rad1 Qd6 21. Bf4
Qd4+ 22. Kh1 Rac8 23. b3 Bc7 24. Nf3 Qd7 25. Be3 Bd8 26. Qc2 Bf6 27. d4 cxd4
28. Bxd4 Qe7 29. Bxf6 Qxf6 30. Ra1 Qe7 31. Nd2 Rc7 32. Rfc1 Rfc8 33. Qd3 Rd8
34. Qc2 Rcd7 35. Rd1 Rd4 36. e5 Qxe5 37. h3 Rxd2 38. Rxd2 Qxa1+ 39. Kh2 Rxd2
40. Qxd2 Qe5+ 41. Kg1 h6 42. Qd8+ Kh7 43. Qd3+ Be4 44. Qe2 f5 45. Qf2 Qc3 46.
Qa2 Qc2 47. Qxc2 Bxc2 48. Kf2 Bxb3 49. Ke2 Bxc4+ 50. Kd2 a5 51. Kc2 a4 52. Kb2
a3+ 53. Kb1 b3 54. g4 fxg4 55. hxg4 Bd3+ 56. Ka1 a2 57. Kb2 Be2 58. g5 hxg5 59.
Ka3 a1=Q+ 60. Kxb3 Qc1 61. Kb4 Qc4+ 62. Ka3 Qb5 63. Ka2 Bd3 64. Ka3 Bc2 65. Ka2
Qb3+ 66. Ka1 Qb1# 0-1

[Event "Landsturneringen 2009, Miniputt"]
[Site "Bergen"]
[Date "2009.07.08"]
[Round "5"]
[White "Olsen, Ulrik"]
[Black "Hernæs, Andreas"]
[Result "0-1"]
[WhiteElo "1143"]
[BlackElo "916"]
[PlyCount "88"]
[EventDate "2009.07.??"]
[EventType "swiss"]
[EventRounds "9"]
[EventCountry "NOR"]
[SourceDate "2009.07.06"]

1. d4 d5 2. c4 e6 3. Nc3 Nf6 4. Bg5 c6 5. e4 Be7 6. e5 Nfd7 7. Bxe7 Qxe7 8. c5
b6 9. b4 a5 10. a3 axb4 11. axb4 Rxa1 12. Qxa1 bxc5 13. bxc5 O-O 14. Bd3 f6 15.
f4 fxe5 16. fxe5 Qh4+ 17. Kd1 Qxd4 18. Kc2 Nxc5 19. Bf1 Rf2+ 20. Nge2 Nbd7 21.
Qa8 Nb6 22. Qxc6 Qb4 23. h4 d4 24. Rh3 h6 25. Na2 Qa4+ 26. Qxa4 Nbxa4 27. Rf3
Rxf3 28. gxf3 d3+ 29. Kd2 dxe2 30. Bxe2 Ba6 31. Bxa6 Nxa6 32. Ke3 N4c5 33. Nc3
Nc7 34. Ne4 Nxe4 35. Kxe4 Kf7 36. Kf4 Kg6 37. Kg4 h5+ 38. Kf4 Nd5+ 39. Ke4 Kh6
40. Kd4 g5 41. hxg5+ Kxg5 42. Kc5 Kf5 43. Kd6 h4 44. f4 Nxf4 0-1

[Event "Landsturneringen 2009, Miniputt"]
[Site "Bergen"]
[Date "2009.07.08"]
[Round "5"]
[White "Sætre, Mathias"]
[Black "Eriksen, Marius"]
[Result "1-0"]
[WhiteElo "939"]
[BlackElo "759"]
[PlyCount "79"]
[EventDate "2009.07.??"]
[EventType "swiss"]
[EventRounds "9"]
[EventCountry "NOR"]
[SourceDate "2009.07.06"]

1. e4 c5 2. Nc3 g6 3. g3 Bg7 4. Bg2 e5 5. d3 Ne7 6. Be3 d6 7. Qd2 Nbc6 8. Bh6
O-O 9. Bxg7 Kxg7 10. f4 Nd4 11. Nce2 f5 12. c3 Nxe2 13. Nxe2 fxe4 14. dxe4 Bg4
15. O-O Qb6 16. Kh1 Rad8 17. Rae1 Qa6 18. a3 Qc4 19. h3 Be6 20. Ng1 Qb5 21. Nf3
Bc4 22. Rf2 Qe8 23. Bf1 Bxf1 24. Rexf1 exf4 25. gxf4 Qd7 26. Kh2 Qa4 27. Qe3 b6
28. Ng5 Qd7 29. b4 Rde8 30. Qd3 h6 31. Nf3 Rxf4 32. e5 d5 33. Qe3 Re4 34. Qd3
Nf5 35. Rd2 Rd8 36. Rfd1 Ne3 37. Qxe4 Nxd1 38. Qd3 c4 39. Qd4 Rf8 40. e6+ 1-0

[Event "Landsturneringen 2009, Miniputt"]
[Site "Bergen"]
[Date "2009.07.10"]
[Round "7"]
[White "Haldorsen, Benjamin"]
[Black "Mihajlov, Sebastian"]
[Result "0-1"]
[WhiteElo "1136"]
[BlackElo "1048"]
[PlyCount "88"]
[EventDate "2009.07.??"]
[EventType "swiss"]
[EventRounds "9"]
[EventCountry "NOR"]
[SourceDate "2009.07.06"]

1. f4 d5 2. e3 Nf6 3. Nf3 c5 4. b3 e6 5. Bb2 Be7 6. Bb5+ Bd7 7. Bxd7+ Nbxd7 8.
d3 O-O 9. Nbd2 b5 10. O-O a6 11. Ne5 Nxe5 12. fxe5 Nd7 13. Qg4 Bg5 14. Qe2 Bh6
15. Nf3 Rc8 16. d4 Qc7 17. c3 f6 18. exf6 Nxf6 19. Ne5 Ne4 20. Rxf8+ Rxf8 21.
Rf1 Rxf1+ 22. Kxf1 Qe7 23. Ke1 Qg5 24. Ng4 Qh5 25. Nxh6+ Qxh6 26. g3 c4 27.
bxc4 bxc4 28. Kd1 Qf6 29. a3 Nf2+ 30. Ke1 Nd3+ 31. Kd1 Qf2 32. Qxf2 Nxf2+ 33.
Kd2 Ng4 34. h3 Nf2 35. h4 Ne4+ 36. Ke2 Nxg3+ 37. Kf3 Ne4 38. Kg4 Kf7 39. h5 Kf6
40. a4 Nf2+ 41. Kg3 Nd1 42. Bc1 Nxc3 43. a5 Ne2+ 44. Kf3 Nxc1 0-1

[Event "Landsturneringen 2009, Miniputt"]
[Site "Bergen"]
[Date "2009.07.10"]
[Round "7"]
[White "Lien, Kjell Håkon"]
[Black "Berge, Sander Lange"]
[Result "1/2-1/2"]
[WhiteElo "1072"]
[BlackElo "1063"]
[PlyCount "93"]
[EventDate "2009.07.??"]
[EventType "swiss"]
[EventRounds "9"]
[EventCountry "NOR"]
[SourceDate "2009.07.06"]

1. e4 e6 2. d4 d5 3. Nd2 c5 4. exd5 exd5 5. Ngf3 cxd4 6. Nxd4 Bc5 7. N2b3 Bxd4
8. Nxd4 Nc6 9. Be3 Nge7 10. Bd3 Bd7 11. c3 Ne5 12. O-O Nxd3 13. Qxd3 O-O 14.
Rfe1 Ng6 15. Nf3 Bc6 16. Bd4 Qd7 17. Ne5 Nxe5 18. Rxe5 f6 19. Re3 Qg4 20. Rae1
Bd7 21. Rg3 Qf5 22. Qxf5 Bxf5 23. Re7 Rf7 24. Rge3 Rxe7 25. Rxe7 b6 26. b4 Kf8
27. Rc7 Re8 28. f3 Re7 29. Rc6 Kf7 30. g4 Bd3 31. a3 Kg6 32. h4 Bc4 33. h5+ Kg5
34. Kf2 Rf7 35. Kg3 Kh6 36. Be3+ g5 37. Bd4 Kg7 38. h6+ Kg6 39. f4 gxf4+ 40.
Kxf4 Kxh6 41. Rxf6+ Rxf6+ 42. Bxf6 Kg6 43. Bd4 Kf7 44. Kg5 Ke6 45. Kf4 Kd6 46.
Kf5 Kc6 47. Be5 1/2-1/2